Charlotte Hornets 2020's Starters - Statistics

General Stats
  • This quiz has been taken 520 times
    63 since last reset
  • The average score is 9 of 17
Answer Stats
Player Starts % Correct
LaMelo Ball 3
100%
Miles Bridges 4
96%
Brandon Miller 3
91%
Kon Knueppel 1
82%
Mark Williams 1
71%
Moussa Diabaté 1
70%
Terry Rozier 4
61%
Mason Plumlee 2
52%
Cody Zeller 1
46%
Gordon Hayward 3
46%
P.J. Washington 3
43%
Bismack Biyombo 1
36%
Nick Richards 1
36%
Josh Green 1
34%
Devonte' Graham 2
32%
Tre Mann 1
32%
Kelly Oubre Jr. 1
16%
No matching quizzes found
Score Distribution
Percent of People with Each Score
Percentile by Number Answered
Your Score History
You have not taken this quiz since the last reset